Urgencias y tratamiento del niño grave : (Registro nro. 21480)
[ vista simple ]
| 000 -LEADER | |
|---|---|
| fixed length control field | 01552nam a2200337 4500 |
| 001 - CONTROL NUMBER | |
| control field | 0000021951 |
| 003 - CONTROL NUMBER IDENTIFIER | |
| control field | CO-CtgCURN |
| 005 - DATE AND TIME OF LATEST TRANSACTION | |
| control field | 20250331185144.0 |
| 007 - PHYSICAL DESCRIPTION FIXED FIELD--GENERAL INFORMATION | |
| fixed length control field | ta |
| 008 - FIXED-LENGTH DATA ELEMENTS--GENERAL INFORMATION | |
| fixed length control field | 160627s2005 000 0 eng d |
| 020 ## - INTERNATIONAL STANDARD BOOK NUMBER | |
| International Standard Book Number | 9586906833 |
| 040 ## - CATALOGING SOURCE | |
| Original cataloging agency | CO-CtgCURN |
| Language of cataloging | spa |
| Transcribing agency | coctgcurn |
| 082 0# - DEWEY DECIMAL CLASSIFICATION NUMBER | |
| Classification number | 610.7362 |
| Item number | C344u |
| 100 1# - MAIN ENTRY--PERSONAL NAME | |
| Personal name | Casado Flores, Juan. |
| 245 10 - TITLE STATEMENT | |
| Title | Urgencias y tratamiento del niño grave : |
| Remainder of title | sintomas guia, tecnicas y cuidados intensivos / |
| Statement of responsibility, etc. | Juan Casado Flores y Ana Serrano. |
| 260 ## - PUBLICATION, DISTRIBUTION, ETC. | |
| Place of publication, distribution, etc. | Barcelona : |
| Name of publisher, distributor, etc. | Oceano, |
| Date of publication, distribution, etc. | 2005. |
| 300 ## - PHYSICAL DESCRIPTION | |
| Extent | 2 V. |
| 336 ## - CONTENT TYPE | |
| Source | rdacontent |
| 337 ## - MEDIA TYPE | |
| Source | rdamedia |
| Media type term | sin mediacion |
| Media type code | n |
| 338 ## - CARRIER TYPE | |
| Source | rdacarrier |
| Carrier type term | volumen |
| Carrier type code | nc |
| 504 ## - BIBLIOGRAPHY, ETC. NOTE | |
| Bibliography, etc. note | Incluye bibliografia. |
| 505 8# - FORMATTED CONTENTS NOTE | |
| Formatted contents note | v.1: Modulo soporte vital.--Modulo cardiovascular.--Modulo respiratorio.--Modulo neurologico.--Modulo infeccioso.--v.2: Modulo traumatismos y accidentes.--Modulo neonatal.--Modulo renal y urologico.--Modulo digestivo y hepatico.--Modulo endocrino, metabolico y nutricion.--Modulo oncohematologico.--Modulo analgesia y cuidados postoperatorios.--Modulos otras urgencias.--Modulo miscelaneo.--Farmacos |
| 650 14 - SUBJECT ADDED ENTRY--TOPICAL TERM | |
| Topical term or geographic name entry element | Urgencias pediatricas. |
| 700 1# - ADDED ENTRY--PERSONAL NAME | |
| Personal name | Serrano, Ana. |
| 908 ## - PUT COMMAND PARAMETER (RLIN) | |
| Put command parameter | 160627 |
| 942 ## - ADDED ENTRY ELEMENTS (KOHA) | |
| Koha item type | Libros |
| Classification part | 610.7362 |
| Item part | C344u |
| Source of classification or shelving scheme | Dewey Decimal Classification |
| Withdrawn status | Lost status | Source of classification or shelving scheme | Damaged status | Not for loan | Collection | Home library | Current library | Shelving location | Date acquired | Inventory number | Total checkouts | Full call number | Barcode | Date last seen | Copy number | Price effective from | Koha item type | Public note | Date last checked out |
|---|---|---|---|---|---|---|---|---|---|---|---|---|---|---|---|---|---|---|---|
| Dewey Decimal Classification | General | Miguel Henríquez Emiliani | Miguel Henríquez Emiliani | General | 03/31/2025 | 013431 | 610.7362 C344u | 013431 | 03/31/2025 | v.1 ej.1 | 03/31/2025 | Libros | 610-CIENME | ||||||
| Dewey Decimal Classification | General | Miguel Henríquez Emiliani | Miguel Henríquez Emiliani | General | 03/31/2025 | 013433 | 1 | 610.7362 C344u | 013433 | 02/21/2026 | v.1 ej.2 | 03/31/2025 | Libros | 610-CIENME | 02/16/2026 | ||||
| Dewey Decimal Classification | General | Miguel Henríquez Emiliani | Miguel Henríquez Emiliani | General | 03/31/2025 | 013432 | 610.7362 C344u | 013432 | 03/31/2025 | v.2 ej.1 | 03/31/2025 | Libros | 610-CIENME | ||||||
| Dewey Decimal Classification | General | Miguel Henríquez Emiliani | Miguel Henríquez Emiliani | General | 03/31/2025 | 013434 | 610.7362 C344u | 013434 | 03/31/2025 | v.2 ej.2 | 03/31/2025 | Libros | 610-CIENME |